000 00406nam a2200145Ia 4500
008 230917s9999||||xx |||||||||||||| ||und||
040 _e198898
_aMAIN
041 _aEnglish
082 _a338.4791 S64N
100 _aTejvir Singh
245 0 _aNew horizons in tourism: Strange experiences and stranger practices
260 _aWallingford
_bCAB International
_c2004
300 _axiv, 221 p.
942 _cBK
999 _c163288
_d163288